Atlas histórico de la Biblia
Salvato in:
| Autori principali: | , |
|---|---|
| Natura: | Libro |
| Lingua: | spagnolo |
| Pubblicazione: |
Madrid
San Pablo
2004
|
| Soggetti: | |
| Tags: |
Aggiungi Tag
Nessun Tag, puoi essere il primo ad aggiungerne!!
|
MARC
| LEADER | 00000nam a2200000 a 4500 | ||
|---|---|---|---|
| 001 | UCG6143 | ||
| 003 | CL-VaPUC | ||
| 008 | 110407e20040000SP |||||||||||||||||spa|d | ||
| 020 | |a 8428526478 | ||
| 082 | 0 | 4 | |a 221.91 |b GAL |2 21 |
| 100 | |a Galbiati, Enrico |e author |9 584801 | ||
| 700 | 0 | |a Serafini, Filippo |e author |9 556161 | |
| 245 | 1 | 0 | |a Atlas histórico de la Biblia |
| 300 | |a 279 p | ||
| 942 | |c BK | ||
| 945 | |d 20110407 00:00:00 |a jcampos | ||
| 260 | |a Madrid |b San Pablo |c 2004 | ||
| 650 | 0 | |a Biblia |9 257603 | |
| 650 | 0 | |a Mapas |9 260844 | |
| 583 | |a last modification |c 20170628 01:21:36 |k Rodrigo Vera | ||
| 999 | |c 344430 |d 344428 | ||
| 952 | |0 0 |1 0 |4 0 |6 221_910000000000000_GAL_2004 |7 0 |8 X |9 442400 |a BIBTEO |b BIBTEO |d 2019-11-22 |i 4763289 |l 1 |o 221.91 GAL 2004 |p 4763289 |r 2025-01-17 |s 2022-11-03 |w 2019-11-22 |y BK_X |k ICR | ||